000 00330nam a2200157Ia 4500
100 _aJohnson/ Rossall J
250 _a2
942 _cBK
654 _aexecutive decisions
245 _aExecutive Decisions
260 _bSouth West Pub
_c1970
082 _a658.403
_bJOH
300 _a627
546 _aENGLISH
999 _c33021
_d33021